00679 2200265 4500001002100000005001700021008004100038035002400079082001100103090001800114100002400132245005500156250001100211260003800222300003100260650001400291850001600305980001100321985000600332986001500338999001500353999001500368999001500383999001500398YOGYA-0209000007139320090227093536.0 ind  0010-020900000071393 a297.42 a297.42bSha Y aSHALAL, Aidah Ahmad aYang disukai wanita dari priac'Aidah Ahmad Shalal aCet. 1 aJakartabSenayan publishingc2006 axiii, 196 hlmbilusc20 cm aMu'amalat aYOPDYOG (B) a070708 a4 anova box08 a08A0034329 a08A0034330 a08A0034331 a08A0034332